• 首页
  • 本馆介绍
  • 公告通知
  • 最新文献
  • 馆藏检索
  • 电子资源
  • 读者导购
  • 参考咨询
  • 我的图书馆
  • 登录
  • 详细信息显示
  • 放入我的书架
  • 预约/预借图书
  • 作者相关作品
  • 分类相关作品
  • 丛书相关作品
  • 出版社相关作品

书目信息

  • 表格格式
  • 工作单格式
  • 卡片格式
题名:
文化与翻译
    
 
作者: 郭建中 编
分册:  
出版信息: 北京   中国对外翻译出版公司  2000
页数: 15,440页
开本: 21cm
丛书名: 翻译理论与实务丛书
单 册:
中图分类: G0-53 , H059-53
科图分类:
主题词: 文化学--翻译学--文集
电子资源:
ISBN: 7-5001-0628-9
000 01112oam2 2200289 45
001 012000039325
005 20220929161507.55
009 012000039325
010    @a7-5001-0628-9@dCNY22.00
035    @a(011001)c2000018770
100    @a20000906e20032000ekmy0chiy0120 ea
101 0  @achi@aeng
102    @aCN@b110000
105    @ay z 000yy
200 1  @a文化与翻译@Awen hua yu fan yi@f郭建中编@Fguo jian zhong bian
210    @a北京@c中国对外翻译出版公司@d2000@h2003重印
215    @a15,440页@d21cm
225 2  @a翻译理论与实务丛书@Afan yi li lun yu shi wu cong shu
314    @a郭建中(1938~),生于上海,杭州大学外语系教授,中国译协理事兼翻译理论与翻译教学委员会委员,浙江省译协会长。著有《文化与翻译》,译有《杀鹿人》、《铁草》等。
330    @a本书收《翻译中的文化比较》、《翻译与文化繁荣》、《文化研究语镜下的翻译研究》、《走向中西比较文化语镜下的翻译研究》等29篇文化翻译论文。
461  0 @12001 @a翻译理论与实务丛书
606 0  @a文化学@x翻译学@j文集
690    @aG0-53@v4
690    @aH059-53@v4
701  0 @a郭建中@Aguo jian zhong@4编
801  0 @aCN@bNLC@c20070807
905    @dG0-53@e77@f5
    
    文化与翻译/郭建中编.-北京:中国对外翻译出版公司,2000(2003重印)
    15,440页;21cm.-(翻译理论与实务丛书)
    
    
    ISBN 7-5001-0628-9:CNY22.00
    本书收《翻译中的文化比较》、《翻译与文化繁荣》、《文化研究语镜下的翻译研究》、《走向中西比较文化语镜下的翻译研究》等29篇文化翻译论文。
●
相关链接 在E读中查询图书 在五车中查询图书 在当当中查询图书 在豆瓣中查询图书


正题名:文化与翻译     索取号:G0-53/77         预约/预借

序号 登录号 条形码 馆藏地/架位号 状态 备注
1 0853888   208538885   第一样本阅览室/ [索取号:G0-53/77] 在馆    
2 0853889   208538894   第四借阅区/ [索取号:G0-53/77] 在馆    
3 0853890   208538901   第四借阅区/ [索取号:G0-53/77] 在馆    
4 0853891   208538910   第四借阅区/ [索取号:G0-53/77] 在馆    
5 0853892   208538929   第四借阅区/ [索取号:G0-53/77] 在馆    
6 1057020   210570201   密集书库-文学院/ [索取号:G0-53/77] 在馆    
唐山师范学院图书馆 欢迎您!
大连网信软件有限公司© 版权所有